000 00869nam a2200253Ia 4500
003 OSt
005 20220923221319.0
006 a|||||r|||| 00| 0
007 ta
008 220922b |||||||| |||| 00| 0 hin d
024 _a197,088
037 _cTextual
040 _aARTS
_cARTS
_bhin
041 _2hin
_ahin
082 _aP, 152J7;K6
100 _aवाजपेयी, किशोरी दास
245 0 _aहिन्दी शब्दानुशासन
246 _aHindī shabdānushāsana
260 _aकाशी
_b नागरीप्रचारिणी सभा
_c1966
300 _a608पृ.
_ccm.
490 _aशास्त्र विज्ञान ग्रंथमाला,1957
942 _hP, 152J7;K6
_cTEXL
_2CC
999 _c348959
_d348959